000 00422nam a22001817a 4500
003 OSt
005 20260407123750.0
008 260407b |||||||| |||| 00| 0 eng d
020 _a9780349145617
082 _a617.41
_bCLAS
100 _aClarke, Rachel
245 _aStory of a Heart
260 _aLondon
_bAbacus Books
_c2025
300 _a274p
546 _aEnglish
650 _aEnglish Literature
942 _2ddc
_cBK
999 _c3989
_d3989